000 00565nam a2200205Ia 4500
001 3363
003 GE_BSU
008 181216s||||||||xx |||||||||||||| ||und||
040 _cGE_BSU
245 _aМонтаж систем внешнего водоснабжения и канализации
245 _cРед.Р.Л.Черкинская
250 _aИзд 3-е.Перераб.и доп.
260 _aМ
260 _bСтройиздат
260 _c1978
300 _a412 стр
300 _c22см
300 _eтабл.412стр.
942 _cBK
999 _c37404
_d37404